00357nam a2200121 a 4500008004100000020001800041050001600059100002100075245006400096260004000160350000900200650002600209151202s2001 ||||||||||||||||| || u a9780471283492 aHF 5635 Jia aJiambalvo, James10aManagerial accounting: solutions manualcBy James Jiambalvo aNew YorkbJohn Wiley and Sonsc2001 a0.03 0aMANAGERIAL ACCOUNTING